[Event "SR Extraliga 2016/2017"]
[Site "?"]
[Date "2016.10.23"]
[Round "2.2"]
[White "Stocek, Jiri"]
[Black "Tazbir, Marcin"]
[Result "1/2-1/2"]
[WhiteElo "2556"]
[BlackElo "2521"]
[PlyCount "22"]
[EventDate "2016.??.??"]

1. d4 Nf6 2. c4 e6 3. Nc3 Bb4 4. e3 O-O 5. Bd3 d5 6. Nf3 c5 7. O-O cxd4 8. exd4
dxc4 9. Bxc4 Nc6 10. Re1 b6 11. Qd3 Na5 1/2-1/2

[Event "SR Extraliga 2016/2017"]
[Site "?"]
[Date "2016.10.23"]
[Round "2.3"]
[White "Kantorik, Marian"]
[Black "Vetoshko, Volodymyr"]
[Result "0-1"]
[WhiteElo "2251"]
[BlackElo "2485"]
[PlyCount "84"]
[EventDate "2016.??.??"]

1. d4 Nf6 2. c4 e6 3. g3 c5 4. d5 exd5 5. cxd5 d6 6. Nf3 g6 7. Nc3 Bg7 8. Bg2
O-O 9. O-O Re8 10. Nd2 a6 11. a4 Nbd7 12. e4 Rb8 13. a5 b5 14. axb6 Nxb6 15.
Qc2 Nfd7 16. b3 Ne5 17. f4 Ng4 18. Nf3 c4 19. b4 Nxd5 20. exd5 Bf5 21. Qb2 Qb6+
22. Kh1 Bd3 23. h3 Bxf1 24. Bxf1 Nf2+ 25. Kg2 Ne4 26. Ra3 Nxc3 27. Rxc3 Bxc3
28. Qxc3 Qxb4 29. Qf6 Qb1 30. Bd2 Qb2 31. Qxb2 Rxb2 32. Bxc4 Rc8 33. Bxa6 Rcc2
34. Kf1 Rxd2 35. Nxd2 Rxd2 36. Bc4 Rd4 37. Be2 Rxd5 38. Kf2 Kg7 39. Ke3 Kf6 40.
g4 g5 41. Bf3 Ra5 42. fxg5+ Kxg5 0-1

[Event "SR Extraliga 2016/2017"]
[Site "?"]
[Date "2016.10.23"]
[Round "2.4"]
[White "Nayhebaver, Martin"]
[Black "Haring, Viktor"]
[Result "1-0"]
[WhiteElo "2442"]
[BlackElo "2146"]
[PlyCount "81"]
[EventDate "2016.??.??"]

1. e4 c5 2. Nf3 e6 3. c4 Qc7 4. Nc3 a6 5. Be2 d6 6. d4 cxd4 7. Nxd4 Nf6 8. O-O
Be7 9. Be3 O-O 10. Qd2 b6 11. Rfc1 Bb7 12. f3 Nbd7 13. a4 Rac8 14. a5 bxa5 15.
Nb3 Rfd8 16. Nxa5 Ba8 17. Bf1 Ne5 18. Na4 Rb8 19. b4 Nc6 20. Nxc6 Qxc6 21. b5
Qc7 22. bxa6 Nd7 23. Nc3 Nc5 24. Nb5 Qc6 25. a7 Rbc8 26. Ra3 Qe8 27. Qf2 Qf8
28. Ra2 Qe8 29. Rd1 Qf8 30. Qg3 Rd7 31. Rad2 e5 32. Qf2 Rb7 33. Nxd6 Bxd6 34.
Rxd6 Ne6 35. Rb6 Rbc7 36. Rdb1 h6 37. Rb8 Kh7 38. Qb2 Qd6 39. Rxc8 Rxc8 40. Qb8
Qa3 41. Rb3 1-0

[Event "SR Extraliga 2016/2017"]
[Site "?"]
[Date "2016.10.23"]
[Round "2.5"]
[White "Haring, Filip"]
[Black "Najgebauer, Szemjon"]
[Result "1-0"]
[WhiteElo "2098"]
[BlackElo "2215"]
[PlyCount "64"]
[EventDate "2016.??.??"]

1. e4 c5 2. Nf3 a6 3. Nc3 Nc6 4. d4 cxd4 5. Nxd4 e5 6. Nb3 Bb4 7. Bd3 Nf6 8.
O-O d5 9. Nxd5 Nxd5 10. exd5 Qxd5 11. a3 Be7 12. Re1 f5 13. f4 Be6 14. fxe5
Nxe5 15. Qe2 Bf6 16. Bf4 Nxd3 17. Qxe6+ Qxe6 18. Rxe6+ Kf7 19. Rxf6+ Kxf6 20.
cxd3 Rhd8 21. d4 Rac8 22. Be5+ Ke6 23. Re1 Kd5 24. Nc5 Re8 25. Nxb7 Rc2 26. Nd6
Rf8 27. Bxg7 Rb8 28. Nxf5 Rd2 29. Ne3+ Kc6 30. d5+ Kd7 31. Bc3 Rd3 32. Ng4 Kd8
1-0

[Event "SR Extraliga 2016/2017"]
[Site "?"]
[Date "2016.10.23"]
[Round "2.7"]
[White "Vrchovsky, Viliam"]
[Black "Tauber, Marek"]
[Result "1/2-1/2"]
[WhiteElo "2016"]
[BlackElo "2149"]
[PlyCount "101"]
[EventDate "2016.??.??"]

1. e4 e5 2. Nf3 d6 3. d4 Nf6 4. dxe5 Nxe4 5. Bd3 Nc5 6. Be2 Be7 7. Be3 O-O 8.
Nc3 dxe5 9. Nxe5 Be6 10. Bf3 c6 11. O-O Qc7 12. Nd3 Rd8 13. Bxc5 Bxc5 14. Qe2
Bd6 15. h3 Na6 16. Be4 Re8 17. Rfe1 f5 18. Bf3 Rad8 19. Qf1 Qa5 20. a3 Bc4 21.
Rxe8+ Rxe8 22. Re1 Rd8 23. Qe2 Qc7 24. b4 Nb8 25. Qe3 b6 26. Qg5 Rf8 27. Qh4
Bf7 28. Nd1 Nd7 29. Qd4 c5 30. bxc5 Nxc5 31. Ne3 Nxd3 32. cxd3 Re8 33. Qa1 Qc5
34. Nc4 Rxe1+ 35. Qxe1 b5 36. Nxd6 Qxd6 37. Qc3 Be6 38. d4 Bc4 39. d5 Kf7 40.
Qd4 a6 41. g3 Kf8 42. Kg2 Kf7 43. h4 h6 44. Kh2 Kf8 45. Qa7 f4 46. h5 fxg3+ 47.
fxg3 Qxa3 48. Qb8+ Ke7 49. Qe5+ Kf8 50. d6 Qxf3 51. Qe7+ 1/2-1/2

[Event "SR Extraliga 2016/2017"]
[Site "?"]
[Date "2016.10.23"]
[Round "2.8"]
[White "Michel, Norbert"]
[Black "Kollar, Vladimir"]
[Result "0-1"]
[WhiteElo "1910"]
[BlackElo "1909"]
[PlyCount "114"]
[EventDate "2016.??.??"]

1. e4 e6 2. d4 d5 3. Nd2 Nf6 4. e5 Nfd7 5. Bd3 c5 6. c3 Nc6 7. Ne2 cxd4 8. cxd4
f6 9. exf6 Qxf6 10. Nf3 h6 11. O-O Bd6 12. Bc2 O-O 13. Ng3 Rd8 14. Re1 Nf8 15.
Nh5 Qf7 16. Ne5 Nxe5 17. dxe5 Bc5 18. Be3 d4 19. Bf4 Bd7 20. Qg4 Kh8 21. Bd3
Be8 22. Ng3 Bb4 23. Re2 Rac8 24. a3 Be7 25. Bd2 Ba4 26. Bb4 Bb3 27. Bxe7 Qxe7
28. Ne4 Bc4 29. Bxc4 Rxc4 30. Nd6 Rxd6 31. exd6 Qxd6 32. Rd2 e5 33. Qe4 Nd7 34.
Qxb7 Nc5 35. Qf3 e4 36. Qd1 d3 37. b4 Ne6 38. Rc1 Rxc1 39. Qxc1 Nd4 40. Qc8+
Kh7 41. Rd1 Ne2+ 42. Kh1 Qf4 43. Qc5 Qg4 44. Rf1 Nf4 45. Rg1 Ne2 46. h3 Qg5 47.
Qxg5 hxg5 48. Ra1 Nc3 49. a4 Kg8 50. b5 Kf7 51. Kg1 Ke6 52. Kf1 d2 53. a5 Kd6
54. b6 a6 55. Rd1 Nxd1 56. Ke2 Nb2 57. Kxd2 Nc4+ 0-1

[Event "SR Extraliga 2016/2017"]
[Site "?"]
[Date "2016.10.23"]
[Round "2.1"]
[White "Neuman, Petr"]
[Black "Navara, David"]
[Result "0-1"]
[WhiteElo "2423"]
[BlackElo "2737"]
[PlyCount "78"]
[EventDate "2016.??.??"]

1. d4 f5 2. Nc3 Nf6 3. f3 d5 4. Bg5 c5 5. e4 Nc6 6. Bb5 fxe4 7. Bxf6 exf6 8.
fxe4 dxe4 9. dxc5 Qxd1+ 10. Rxd1 Bxc5 11. Nxe4 Bb6 12. Nd6+ Ke7 13. Nxc8+ Raxc8
14. c3 a6 15. Ba4 Ne5 16. Nf3 Rc4 17. Bb3 Re4+ 18. Kd2 Rd8+ 19. Kc1 Rxd1+ 20.
Rxd1 Nxf3 21. gxf3 Rh4 22. Bd5 Rxh2 23. Bxb7 a5 24. Bc6 f5 25. Rd5 g6 26. c4
Kf6 27. Rd6+ Kg5 28. a3 Be3+ 29. Kb1 Rd2 30. Rxd2 Bxd2 31. Kc2 Be3 32. f4+ Kxf4
33. b4 axb4 34. axb4 g5 35. c5 g4 36. Kd3 h5 37. Kc4 h4 38. b5 h3 39. b6 Kg5
0-1

[Event "SR Extraliga 2016/2017"]
[Site "?"]
[Date "2016.10.23"]
[Round "2.2"]
[White "Markos, Jan"]
[Black "Mazur, Stefan"]
[Result "1/2-1/2"]
[WhiteElo "2572"]
[BlackElo "2446"]
[PlyCount "112"]
[EventDate "2016.??.??"]

1. Nf3 Nf6 2. g3 g6 3. Bg2 Bg7 4. O-O O-O 5. d4 d6 6. c4 Nc6 7. Nc3 Bf5 8. b3
e5 9. d5 Ne7 10. h3 Ne4 11. Bb2 Nxc3 12. Bxc3 Be4 13. Qd2 Bxf3 14. Bxf3 f5 15.
Rac1 h5 16. e4 Kh7 17. Qd3 Bh6 18. Rc2 f4 19. g4 hxg4 20. Bxg4 f3 21. Bxf3 Ng8
22. Bg4 Nf6 23. f3 Nxg4 24. fxg4 Rxf1+ 25. Qxf1 Qe7 26. Kg2 a5 27. Rf2 Bf4 28.
Bd2 g5 29. Rf3 Kg6 30. Be1 b6 31. Qd3 Qd7 32. Qc2 Rh8 33. Bf2 Ra8 34. Rc3 Rc8
35. a3 Ra8 36. Qb1 Rb8 37. Qd3 Qe8 38. Be1 Ra8 39. Qc2 Qd7 40. Qe2 Qe8 41. Rc2
Kf6 42. Ra2 Ra7 43. h4 gxh4 44. Bxh4+ Kg7 45. Bg3 Ra8 46. Qf3 Qg6 47. Rf2 Rf8
48. Qe2 Qg5 49. Bxf4 Rxf4 50. Rxf4 Qxf4 51. Qf3 Qd2+ 52. Kh3 Qc1 53. a4 Qd2 54.
Kg3 Qe1+ 55. Kg2 Qd2+ 56. Kh3 Qc1 1/2-1/2

[Event "SR Extraliga 2016/2017"]
[Site "?"]
[Date "2016.10.23"]
[Round "2.3"]
[White "Rojicek, Vojtech"]
[Black "Babula, Vlastimil"]
[Result "1/2-1/2"]
[WhiteElo "2406"]
[BlackElo "2545"]
[PlyCount "30"]
[EventDate "2016.??.??"]

1. d4 Nf6 2. c4 e6 3. Nc3 Bb4 4. e3 O-O 5. Bd3 d5 6. Nf3 b6 7. O-O Bb7 8. cxd5
exd5 9. Ne5 Bd6 10. f4 c5 11. Qf3 Nc6 12. Qh3 h6 13. Rf3 Ne7 14. f5 Nc6 15. Ng4
Nxg4 1/2-1/2

[Event "SR Extraliga 2016/2017"]
[Site "?"]
[Date "2016.10.23"]
[Round "2.4"]
[White "Mrva, Martin"]
[Black "Hausner, Ivan"]
[Result "1/2-1/2"]
[WhiteElo "2403"]
[BlackElo "2360"]
[PlyCount "94"]
[EventDate "2016.??.??"]

1. e4 Nf6 2. e5 Ng8 3. Nf3 d6 4. d4 dxe5 5. Nxe5 Nd7 6. Bf4 Ngf6 7. Nc3 e6 8.
Bd3 Nxe5 9. Bxe5 Nd7 10. Qg4 Nxe5 11. dxe5 Bd7 12. O-O-O Qe7 13. Bb5 Bxb5 14.
Nxb5 g6 15. h4 Bg7 16. f4 O-O 17. h5 Rfd8 18. h6 Bf8 19. Nc3 Qb4 20. Qf3 Rxd1+
21. Rxd1 Bxh6 22. Ne4 Bg7 23. a3 Qe7 24. Qb3 b6 25. Qa4 Rd8 26. Qxa7 Rxd1+ 27.
Kxd1 h6 28. Qa8+ Kh7 29. Ke2 g5 30. g3 gxf4 31. gxf4 Qh4 32. Kf3 Qh1+ 33. Kg3
Qg1+ 34. Kf3 Qd1+ 35. Ke3 Qxc2 36. b4 Qc1+ 37. Kf3 b5 38. Ng3 Qd1+ 39. Kf2 Qd4+
40. Kf3 Qd3+ 41. Kf2 f6 42. exf6 Bxf6 43. Qe8 Qd4+ 44. Kf3 Qd5+ 45. Kg4 Bg7 46.
Qf7 c6 47. Kh3 Kh8 1/2-1/2

[Event "SR Extraliga 2016/2017"]
[Site "?"]
[Date "2016.10.23"]
[Round "2.5"]
[White "Hrabusa, Matej"]
[Black "Gazik, Viktor"]
[Result "1-0"]
[WhiteElo "2306"]
[BlackElo "2429"]
[PlyCount "74"]
[EventDate "2016.??.??"]

1. d4 Nf6 2. Nf3 g6 3. Nbd2 Bg7 4. e4 d6 5. Bd3 O-O 6. O-O Nc6 7. c3 e5 8. Re1
Nh5 9. dxe5 dxe5 10. Nc4 a5 11. Bg5 Qe8 12. Qc1 Be6 13. g3 f6 14. Be3 b6 15. a4
f5 16. Ng5 f4 17. Nxe6 Qxe6 18. Bd2 Rf6 19. Na3 Kh8 20. Nb5 Qd7 21. Bf1 Raf8
22. Bg2 Bh6 23. Rd1 Qc8 24. b4 g5 25. Qb2 f3 26. Bf1 Nf4 27. Be3 Bg7 28. Qd2
Rd8 29. Qe1 Rh6 30. Rxd8+ Qxd8 31. Rd1 Qe8 32. bxa5 bxa5 33. Qd2 Qh5 34. h4
gxh4 35. gxf4 h3 36. Qd7 Qg6+ 37. Kh2 Nb8 1-0

[Event "SR Extraliga 2016/2017"]
[Site "?"]
[Date "2016.10.23"]
[Round "2.6"]
[White "Skreno, Vladimir"]
[Black "Tropp, Oliver"]
[Result "0-1"]
[WhiteElo "2216"]
[BlackElo "2230"]
[PlyCount "66"]
[EventDate "2016.??.??"]

1. d4 e6 2. Nf3 Nf6 3. c4 b6 4. g3 Bb7 5. Bg2 Bb4+ 6. Bd2 Be7 7. Nc3 c5 8. d5
exd5 9. Nh4 Ne4 10. Nf5 O-O 11. cxd5 Nd6 12. Nxe7+ Qxe7 13. O-O f5 14. Bf4 Ne4
15. Qc2 Na6 16. Nxe4 Nb4 17. Qc4 fxe4 18. Bxe4 Rf7 19. Bf3 b5 20. Qxb5 Bxd5 21.
Bxd5 Nxd5 22. Bd2 Raf8 23. Qd3 Qe5 24. Rad1 Re8 25. e3 h5 26. Qc4 Nb6 27. Qc3
Qf5 28. Rde1 h4 29. e4 Rxe4 30. Rxe4 Qxe4 31. Qe3 Qd5 32. f4 Nc4 33. Qb3 Qd4+
0-1

[Event "SR Extraliga 2016/2017"]
[Site "?"]
[Date "2016.10.23"]
[Round "2.7"]
[White "Macko, Michal"]
[Black "Rajnak, Daniel"]
[Result "1/2-1/2"]
[WhiteElo "2170"]
[BlackElo "2145"]
[PlyCount "60"]
[EventDate "2016.??.??"]

1. d4 d5 2. c4 e6 3. Nc3 Nf6 4. cxd5 exd5 5. Bg5 c6 6. e3 Nbd7 7. Bd3 Bd6 8.
Nge2 h6 9. Bh4 O-O 10. g4 Be7 11. h3 Ne4 12. Bxe7 Qxe7 13. Bxe4 dxe4 14. h4 Nf6
15. g5 Ng4 16. Ng3 f5 17. gxf6 Nxf6 18. Qc2 Re8 19. O-O-O Bg4 20. Rdg1 h5 21.
Nge2 Qf7 22. Nf4 Rac8 23. Kb1 b5 24. Rc1 a6 25. Nce2 Nd5 26. Rh2 Nb4 27. Qb3
Nd3 28. Qxf7+ Kxf7 29. Rc3 c5 30. dxc5 Nxc5 1/2-1/2

[Event "SR Extraliga 2016/2017"]
[Site "?"]
[Date "2016.10.23"]
[Round "2.8"]
[White "Pcola, Jaroslav"]
[Black "Motycakova, Monika"]
[Result "1-0"]
[WhiteElo "2046"]
[BlackElo "2119"]
[PlyCount "67"]
[EventDate "2016.??.??"]

1. c4 e5 2. Nc3 Nf6 3. Nf3 Nc6 4. e4 Bb4 5. d3 h6 6. Be2 d6 7. O-O O-O 8. a3
Bxc3 9. bxc3 Bd7 10. Ne1 Nh7 11. f4 exf4 12. Bxf4 f5 13. exf5 Rxf5 14. Nc2 Qe7
15. Qd2 Raf8 16. Ne3 Ra5 17. Nd5 Qd8 18. Bxh6 gxh6 19. Qxh6 Ne7 20. Bf3 Nf5 21.
Qg6+ Kh8 22. Be4 Rg8 23. Qh5 c6 24. Rxf5 Bxf5 25. Bxf5 Rg7 26. Re1 cxd5 27.
Re8+ Qxe8 28. Qxe8+ Rg8 29. Qe7 Ng5 30. Qf6+ Rg7 31. Qd8+ Rg8 32. Qxa5 dxc4 33.
dxc4 a6 34. Qc7 1-0

[Event "SR Extraliga 2016/2017"]
[Site "?"]
[Date "2016.10.23"]
[Round "2.1"]
[White "Svoboda, Svatopluk"]
[Black "Ftacnik, Lubomir"]
[Result "0-1"]
[WhiteElo "2441"]
[BlackElo "2552"]
[PlyCount "80"]
[EventDate "2016.??.??"]

1. e4 c5 2. Nf3 d6 3. d4 cxd4 4. Nxd4 Nf6 5. Nc3 a6 6. Bg5 Nbd7 7. Qe2 h6 8.
Bh4 g6 9. f4 e5 10. fxe5 dxe5 11. O-O-O Qc7 12. Nb3 b5 13. Nd5 Nxd5 14. exd5
Bd6 15. Qd2 Kf8 16. Be2 Kg7 17. g4 a5 18. Qe3 a4 19. Nd2 a3 20. b3 g5 21. Be1
Bb7 22. Bxb5 Nf6 23. Nc4 Nxd5 24. Qg3 Rhd8 25. Nxd6 Rxd6 26. Rf1 Rc8 27. Bc4
Nf4 28. Qe3 Rxd1+ 29. Kxd1 Ba6 30. Bc3 Qd8+ 31. Kc1 Bxc4 32. bxc4 f6 33. Rd1
Qc7 34. Qe4 Qf7 35. Rd2 Rxc4 36. Qf5 Rc7 37. Kb1 Nd5 38. Ba1 Ne3 39. Qe4 Nc4
40. Rd5 Qe6 0-1

[Event "SR Extraliga 2016/2017"]
[Site "?"]
[Date "2016.10.23"]
[Round "2.2"]
[White "Antal, Gergely"]
[Black "Bednar, Milan"]
[Result "1-0"]
[WhiteElo "2541"]
[BlackElo "2240"]
[PlyCount "51"]
[EventDate "2016.??.??"]

1. e4 c5 2. Nf3 e6 3. d4 cxd4 4. Nxd4 a6 5. c4 d6 6. Nc3 Nf6 7. Be2 Be7 8. O-O
O-O 9. Be3 Nc6 10. a4 Qc7 11. Qd2 Ne5 12. b3 Neg4 13. Bg5 d5 14. Bxg4 Nxg4 15.
Bf4 Qc5 16. h3 Bf6 17. Rad1 dxc4 18. hxg4 e5 19. g5 exd4 20. gxf6 dxc3 21. Qxc3
Qb6 22. Rd6 Qxb3 23. Qe5 g6 24. Qg5 Kh8 25. Qh6 Rg8 26. Rd8 1-0

[Event "SR Extraliga 2016/2017"]
[Site "?"]
[Date "2016.10.23"]
[Round "2.3"]
[White "Istona, Martin"]
[Black "Pacher, Milan"]
[Result "0-1"]
[WhiteElo "2196"]
[BlackElo "2493"]
[PlyCount "60"]
[EventDate "2016.??.??"]

1. e4 c5 2. Nf3 e6 3. d4 cxd4 4. Nxd4 a6 5. Nc3 b5 6. Bd3 Qb6 7. Nb3 Qc7 8. O-O
Bb7 9. Re1 d6 10. Bg5 Nd7 11. a4 b4 12. Nd5 exd5 13. exd5+ Be7 14. Qe2 Ne5 15.
f4 Bxg5 16. fxe5 Ne7 17. Qh5 Bh6 18. e6 O-O-O 19. exf7 Nxd5 20. Be4 Nf4 21.
Qg4+ Kb8 22. Rad1 d5 23. Bf3 Qxf7 24. Rd4 Rhe8 25. Red1 Qe7 26. Na5 Ba8 27. h4
Ka7 28. Nb3 Ne2+ 29. Bxe2 Qxe2 30. Rxb4 d4 0-1

[Event "SR Extraliga 2016/2017"]
[Site "?"]
[Date "2016.10.23"]
[Round "2.4"]
[White "Stohl, Igor"]
[Black "Dujava, Daniel"]
[Result "1-0"]
[WhiteElo "2495"]
[BlackElo "2120"]
[PlyCount "59"]
[EventDate "2016.??.??"]

1. d4 Nf6 2. c4 e6 3. g3 d5 4. Bg2 Bb4+ 5. Nd2 O-O 6. Ngf3 dxc4 7. Qc2 b5 8. a4
c6 9. axb5 cxb5 10. Ng5 h6 11. Nxf7 Rxf7 12. Bxa8 Qxd4 13. O-O Bb7 14. Nf3 Qe4
15. Qxe4 Bxe4 16. Bxe4 Nxe4 17. Nd4 Rb7 18. Nxe6 a5 19. Rd1 Nc6 20. Nd8 Nxd8
21. Rxd8+ Kf7 22. Be3 c3 23. Bd4 Rc7 24. Rc1 c2 25. Be3 a4 26. Rd4 Rc4 27. Rxc4
bxc4 28. Rxc2 c3 29. bxc3 Nxc3 30. Bd4 1-0

[Event "SR Extraliga 2016/2017"]
[Site "?"]
[Date "2016.10.23"]
[Round "2.5"]
[White "Kravec, Patrik"]
[Black "Zetocha, Claudiu"]
[Result "0-1"]
[WhiteElo "2103"]
[BlackElo "2333"]
[PlyCount "120"]
[EventDate "2016.??.??"]

1. e4 c5 2. Nf3 e6 3. d4 cxd4 4. Nxd4 a6 5. Be2 Nf6 6. Nc3 Qc7 7. O-O Bb4 8.
Qd3 Nc6 9. Nxc6 bxc6 10. Qd4 Bd6 11. h3 O-O 12. Bg5 Be5 13. Qa4 d5 14. exd5
cxd5 15. Bd3 h6 16. Bd2 g5 17. Nd1 a5 18. Bc3 Bd7 19. Bxe5 Qxe5 20. Bb5 Bxb5
21. Qxb5 Rfc8 22. Qd3 a4 23. Rb1 Qe4 24. Nc3 Qc4 25. a3 d4 26. Ne4 Nxe4 27.
Qxe4 Qxc2 28. Qxd4 Qf5 29. b4 axb3 30. Rxb3 Rd8 31. Qe3 Ra4 32. Rfb1 Rxa3 33.
Qb6 Rda8 34. Rb5 Qf6 35. Qc6 Ra2 36. Qc5 Ra1 37. Qe3 Kg7 38. Kh2 Rxb1 39. Rxb1
Ra2 40. Rf1 Rc2 41. f4 Qc3 42. Qe4 Qc4 43. Qxc4 Rxc4 44. fxg5 hxg5 45. Kg3 f5
46. Rf3 Kf6 47. Ra3 Ke5 48. Kf3 Kd4 49. Ra6 Rc3+ 50. Kf2 e5 51. Rd6+ Ke4 52.
Rd2 Kf4 53. Ra2 e4 54. Ra4 Rc2+ 55. Kf1 Rd2 56. g4 Kf3 57. Ke1 e3 58. gxf5 Rh2
59. Kd1 Rh1+ 60. Kc2 e2 0-1

[Event "SR Extraliga 2016/2017"]
[Site "?"]
[Date "2016.10.23"]
[Round "2.6"]
[White "Briestensky, Rastislav"]
[Black "Krajnak, Martin"]
[Result "1-0"]
[WhiteElo "2339"]
[BlackElo "2203"]
[PlyCount "81"]
[EventDate "2016.??.??"]

1. d4 c5 2. d5 e5 3. e4 d6 4. Nc3 Ne7 5. g3 Nd7 6. Nf3 Nf6 7. a4 Ng6 8. Nd2 Be7
9. Nc4 O-O 10. Ne3 Re8 11. h4 h6 12. Qf3 Bd7 13. Nf5 Bf8 14. h5 Nh8 15. Bb5 Be7
16. Bxd7 Qxd7 17. Nd1 Rad8 18. Nde3 Nh7 19. Nxe7+ Qxe7 20. Nf5 Qf6 21. Ra3 Ng5
22. Qg4 Rb8 23. Bxg5 hxg5 24. Kf1 Qd8 25. Kg2 f6 26. h6 g6 27. Ng7 Re7 28. Rf3
Rxg7 29. hxg7 Kxg7 30. Qh3 Qg8 31. Qh6+ Kf7 32. Qxg5 Qg7 33. Rxf6+ Qxf6 34.
Rh7+ Qg7 35. Rxg7+ Kxg7 36. Qe7+ Nf7 37. Qc7 Rf8 38. Qxb7 a6 39. Qxa6 Ng5 40.
Qe2 Rb8 41. b3 1-0

[Event "SR Extraliga 2016/2017"]
[Site "?"]
[Date "2016.10.23"]
[Round "2.7"]
[White "Goban, Marek"]
[Black "Petran, Peter"]
[Result "1/2-1/2"]
[WhiteElo "2078"]
[BlackElo "2306"]
[PlyCount "95"]
[EventDate "2016.??.??"]

1. Nf3 g6 2. c4 Bg7 3. Nc3 c5 4. g3 Nc6 5. Bg2 d6 6. O-O Rb8 7. d3 e6 8. Bd2
Nge7 9. Rb1 a6 10. Qc1 b5 11. Bh6 O-O 12. Bxg7 Kxg7 13. Rd1 b4 14. Ne4 f5 15.
Ned2 e5 16. Nf1 h6 17. Ne3 Bb7 18. Nd5 Nxd5 19. cxd5 Ne7 20. e4 Bc8 21. h3 fxe4
22. dxe4 Bxh3 23. Bxh3 Rxf3 24. Bg4 Rf6 25. f4 Qb6 26. Qe3 exf4 27. gxf4 c4 28.
Qxb6 Rxb6 29. Rf1 g5 30. fxg5 hxg5 31. Rbc1 Rxf1+ 32. Kxf1 Kf6 33. Rxc4 Rb7 34.
Kf2 a5 35. Ke3 Ke5 36. Rc1 Ng6 37. Rc8 Kf6 38. Rd8 Rb6 39. Ra8 Rb7 40. Rxa5 Ne5
41. Be2 Rh7 42. Ra6 Rh3+ 43. Kd4 Ke7 44. Ra7+ Kd8 45. Ra8+ Kc7 46. Ra7+ Kd8 47.
Ra8+ Kc7 48. Ra7+ 1/2-1/2

[Event "SR Extraliga 2016/2017"]
[Site "?"]
[Date "2016.10.23"]
[Round "2.8"]
[White "Havlicek, Libor"]
[Black "Cuker, Dusan"]
[Result "1-0"]
[WhiteElo "2289"]
[BlackElo "2096"]
[PlyCount "97"]
[EventDate "2016.??.??"]

1. d4 d5 2. Nf3 Nf6 3. g3 c6 4. Bg2 Bf5 5. O-O h6 6. c4 e6 7. Nc3 Be7 8. b3 O-O
9. Bb2 Nbd7 10. Nd2 Qb6 11. Re1 Rfe8 12. e4 dxe4 13. Ndxe4 Nxe4 14. Bxe4 Bxe4
15. Nxe4 Nf6 16. d5 Nxe4 17. Rxe4 exd5 18. cxd5 cxd5 19. Qxd5 Bf6 20. Bxf6 Qxf6
21. Rae1 Rxe4 22. Rxe4 Qc6 23. Qxc6 bxc6 24. Ra4 a6 25. Rb4 a5 26. Rb6 c5 27.
Rc6 a4 28. Rxc5 axb3 29. axb3 Ra1+ 30. Kg2 Rb1 31. Rc3 Kf8 32. Kf3 Ke7 33. h4
h5 34. Ke4 Rb2 35. f3 g6 36. Kd5 Rg2 37. f4 Rb2 38. Kc5 Ke6 39. b4 Kd7 40. Kb5
Rb1 41. Ka5 Ra1+ 42. Kb6 Rb1 43. b5 Rb2 44. Ka6 Ra2+ 45. Kb7 Rb2 46. b6 Ra2 47.
Kb8 Rb2 48. b7 Ra2 49. Rc7+ 1-0

[Event "SR Extraliga 2016/2017"]
[Site "?"]
[Date "2016.10.23"]
[Round "2.1"]
[White "Druska, Juraj"]
[Black "Vajda, Levente"]
[Result "1/2-1/2"]
[WhiteElo "2457"]
[BlackElo "2596"]
[PlyCount "119"]
[EventDate "2016.??.??"]

1. e4 e5 2. Nf3 Nc6 3. Bc4 Bc5 4. b4 Bxb4 5. c3 Ba5 6. d4 Qe7 7. d5 Nd8 8. Ba3
Qf6 9. O-O Bb6 10. d6 Nc6 11. Bb3 Ba5 12. Qd3 a6 13. Rd1 cxd6 14. Nbd2 b5 15.
Bxd6 Nge7 16. Nf1 O-O 17. Ne3 h5 18. a4 Bb7 19. axb5 axb5 20. Qxb5 Bxc3 21.
Rxa8 Bxa8 22. Bxe7 Nxe7 23. Qxd7 Bxe4 24. Rd6 Bc6 25. Rxc6 Nxc6 26. Nd5 Qh6 27.
Nxc3 Qc1+ 28. Nd1 e4 29. Qd2 Qa3 30. Bd5 exf3 31. Bxc6 fxg2 32. Kxg2 Qe7 33.
Bf3 Rd8 34. Qf4 g5 35. Qf5 Rd4 36. Bxh5 Rf4 37. Qc8+ Kg7 38. Qc3+ Kg8 39. Qc8+
Kg7 40. Qc3+ Kg8 41. h3 Qe4+ 42. Bf3 Qf5 43. Nb2 Rh4 44. Bg4 Qe4+ 45. Kg1 Rh6
46. Qc5 Rc6 47. Qxg5+ Rg6 48. Qd8+ Kh7 49. Qd7 Qe1+ 50. Kg2 Qe4+ 51. Kg1 Qe1+
52. Kg2 Qe4+ 53. Kf1 Qh1+ 54. Ke2 Qe4+ 55. Kf1 Qh1+ 56. Ke2 Qe4+ 57. Kd2 Qf4+
58. Kc2 Qxf2+ 59. Kb1 Rb6 60. Qf5+ 1/2-1/2

[Event "SR Extraliga 2016/2017"]
[Site "?"]
[Date "2016.10.23"]
[Round "2.2"]
[White "Petenyi, Tamas"]
[Black "Leniart, Arkadiusz"]
[Result "1/2-1/2"]
[WhiteElo "2437"]
[BlackElo "2491"]
[PlyCount "38"]
[EventDate "2016.??.??"]

1. e4 e5 2. Nf3 Nc6 3. Bb5 a6 4. Ba4 Nf6 5. O-O Be7 6. Re1 b5 7. Bb3 d6 8. c3
O-O 9. h3 Nb8 10. d4 Nbd7 11. Nbd2 Bb7 12. Bc2 Re8 13. b3 Bf8 14. Bb2 c6 15. c4
c5 16. dxe5 dxe5 17. Bd3 b4 18. Nf1 g6 19. Qc2 Nh5 1/2-1/2

[Event "SR Extraliga 2016/2017"]
[Site "?"]
[Date "2016.10.23"]
[Round "2.3"]
[White "Manik, Mikulas"]
[Black "Czebe, Attila"]
[Result "0-1"]
[WhiteElo "2440"]
[BlackElo "2473"]
[PlyCount "66"]
[EventDate "2016.??.??"]

1. e4 g6 2. d4 Bg7 3. Nc3 Nc6 4. Nf3 d6 5. Bb5 a6 6. Bxc6+ bxc6 7. h3 Nf6 8.
O-O O-O 9. Bg5 Nd7 10. Qd2 c5 11. Nd5 Re8 12. Qa5 Bb7 13. Rad1 h6 14. Bh4 g5
15. Bg3 f5 16. Qxc7 Bxd5 17. Qxd8 Raxd8 18. exd5 c4 19. h4 Bf6 20. hxg5 hxg5
21. Rfe1 Nb6 22. Re6 Kf7 23. Ne5+ Bxe5 24. dxe5 f4 25. exd6 fxg3 26. dxe7 Rxd5
27. Rxd5 Nxd5 28. Rxa6 Rxe7 29. Kf1 Nb4 30. Ra4 Nxc2 31. fxg3 Ne3+ 32. Ke2 g4
33. Ra8 Nxg2+ 0-1

[Event "SR Extraliga 2016/2017"]
[Site "?"]
[Date "2016.10.23"]
[Round "2.4"]
[White "Bokros, Albert"]
[Black "Mikrut, Dariusz"]
[Result "1/2-1/2"]
[WhiteElo "2488"]
[BlackElo "2386"]
[PlyCount "28"]
[EventDate "2016.??.??"]

1. e4 c5 2. Nf3 d6 3. d4 cxd4 4. Nxd4 Nf6 5. Nc3 a6 6. g3 e5 7. Nde2 Be7 8. Bg2
b5 9. O-O O-O 10. h3 b4 11. Nd5 Nxd5 12. exd5 a5 13. c4 bxc3 14. Nxc3 Ba6
1/2-1/2

[Event "SR Extraliga 2016/2017"]
[Site "?"]
[Date "2016.10.23"]
[Round "2.5"]
[White "Kusiak, Matej"]
[Black "Varga, Zoltan"]
[Result "0-1"]
[WhiteElo "2355"]
[BlackElo "2411"]
[PlyCount "70"]
[EventDate "2016.??.??"]

1. e4 Nf6 2. e5 Nd5 3. d4 d6 4. c4 Nb6 5. exd6 cxd6 6. Nc3 g6 7. Be3 Bg7 8. Rc1
O-O 9. Be2 d5 10. b3 Nc6 11. c5 Nd7 12. Nxd5 Ndb8 13. Nc3 Nxd4 14. Nf3 Nxe2 15.
Qxd8 Rxd8 16. Kxe2 Nc6 17. Rhd1 Rxd1 18. Kxd1 Bf5 19. a3 Rd8+ 20. Nd2 Nd4 21.
Bxd4 Rxd4 22. Ne2 Rd8 23. Rc4 Bd3 24. Ra4 a6 25. Ke1 Rd5 26. Nf4 Re5+ 27. Kd1
Bb5 28. Re4 Rf5 29. f3 Bc6 30. Rc4 Bh6 31. Ne2 Bb5 32. Rc2 Bd3 33. Rc3 Rd5 34.
f4 Bg7 35. c6 Bxe2+ 0-1

[Event "SR Extraliga 2016/2017"]
[Site "?"]
[Date "2016.10.23"]
[Round "2.6"]
[White "Meszaros, Michal"]
[Black "Jacko, Vladimir"]
[Result "1/2-1/2"]
[WhiteElo "2392"]
[BlackElo "2302"]
[PlyCount "49"]
[EventDate "2016.??.??"]

1. c4 e5 2. g3 Nc6 3. Bg2 g6 4. Nc3 Bg7 5. e3 Nf6 6. Nge2 O-O 7. O-O d6 8. d4
exd4 9. Nxd4 Ne5 10. b3 Bg4 11. f3 Bd7 12. e4 Re8 13. Bg5 h6 14. Be3 a6 15. Qd2
Kh7 16. Rfd1 Rb8 17. a4 Bf8 18. a5 c5 19. Nde2 Nc6 20. Nd5 Nxd5 21. Qxd5 Be6
22. Qd2 b5 23. axb6 Qxb6 24. Ra3 Bg7 25. Qa2 1/2-1/2

[Event "SR Extraliga 2016/2017"]
[Site "?"]
[Date "2016.10.23"]
[Round "2.7"]
[White "Holtman, Teodor"]
[Black "Bagi, Mate"]
[Result "0-1"]
[WhiteElo "2201"]
[BlackElo "2446"]
[PlyCount "104"]
[EventDate "2016.??.??"]

1. e4 e5 2. Nf3 Nc6 3. d4 exd4 4. Bc4 Nf6 5. e5 Ng4 6. O-O d6 7. exd6 Bxd6 8.
Re1+ Kf8 9. c3 Nge5 10. Nxe5 Nxe5 11. Qxd4 Nxc4 12. Qxc4 Be6 13. Qd4 c5 14. Qe4
Qc7 15. Qh4 h6 16. Be3 Kg8 17. Nd2 Be7 18. Qe4 Rd8 19. Bf4 Qd7 20. Rad1 Qd5 21.
b3 Qxe4 22. Nxe4 Kh7 23. c4 b6 24. Be5 Rxd1 25. Rxd1 Rd8 26. Rxd8 Bxd8 27. Bb8
a6 28. f3 Kg8 29. Kf2 Kf8 30. a4 Ke8 31. g4 g6 32. Ke3 Kd7 33. h3 Kc6 34. Bf4
h5 35. Be5 b5 36. axb5+ axb5 37. Kd3 f5 38. Nf2 Bh4 39. Nd1 fxg4 40. hxg4 hxg4
41. fxg4 Bxg4 42. cxb5+ Kxb5 43. Ne3 Be6 44. Kc3 g5 45. Bf6 Be1+ 46. Kd3 g4 47.
Ke2 Bg3 48. Kd3 Kb4 49. Be7 Bf2 50. Nc4 Bxc4+ 51. bxc4 g3 52. Bh4 Kb3 0-1